Battle Cats all basic cat variants - Statistics

General Stats
  • This quiz has been taken 69 times
  • The average score is 9 of 69
Answer Stats
Answer % Correct
Cat
96%
Macho Cat
72%
Mohawk Cat
70%
Crazed Cat
54%
Gold Cat
41%
Crazed Macho Cat
39%
Manic Mohawk Cat
39%
Brainwashed Cat
37%
Li'l Cat
33%
Metal Cat
31%
Brainwashed Mohawk Cat
30%
Brainwashed Macho Cat
28%
Coin Cat
28%
Li'l Macho Cat
26%
Li'l Mohawk Cat
26%
Killer Cat
22%
Metal Macho
20%
Glass Cat
19%
Macho Coin Cat
17%
Catburger
13%
Gold Macho Cat
13%
Macho Glass Cat
11%
Kyubey Cat
9%
Suntan Cat
9%
Boulder Cat
7%
Glittering Macho Cat
7%
Gummy Cat
7%
True Killer Cat
7%
Firecracker Cat
6%
Macho Crystal Cat
6%
Pumpcat
6%
Radical Cat
6%
Shakurel Cat
6%
3D Cat
4%
Cabaret Cat
4%
Gummy Cat Soda
4%
Lucky Cat
4%
Masked Cat
4%
Stone Cat
4%
2D Cat
2%
Gas Mask Cat
2%
Macho Suntan Cat
2%
Permed Suntan Cat
2%
Primordial Cat
2%
Shakurel Macho Cat
2%
Awakened Nora
0%
Baozi Cat
0%
Cat Cactus
0%
Catorpedo
0%
Cat Princess
0%
Crazed Baozi Cat
0%
Eggy Cat
0%
Fujin Cat
0%
Golden Kabuto Cat
0%
Haniwa Cat
0%
Kabuto Cat
0%
Kabuto Cat
0%
King Kuwagata Cat
0%
Kuwagata Cat
0%
Kuwagata Cat
0%
Macho Firecracker Cat
0%
Maiko Cat
0%
Manga Cat
0%
Manga Popo Cat
0%
Marshmallow Cat
0%
Meowla Meowla
0%
Mob Cat
0%
Nora
0%
Raijin Cat
0%
No matching quizzes found
Score Distribution
Percent of People with Each Score
Percentile by Number Answered
Your Score History
You have not taken this quiz